[Event "Amplico ch-EUR Rapid"]
[Site "Warsaw POL"]
[Date "2012.12.16"]
[Round "9.19"]
[White "Nyzhnyk, Illya"]
[Black "Simonian, Hrair"]
[Result "1/2-1/2"]
[WhiteTitle "GM"]
[BlackTitle "GM"]
[WhiteElo "2637"]
[BlackElo "2459"]
[WhiteFideId "14118084"]
[BlackFideId "13302337"]
[EventDate "2012.12.15"]

1. d4 d5 2. c4 c6 3. Nf3 Nf6 4. Nc3 a6 5. g3 b5 6. c5 Nbd7 7. Bg2 g6 8. O-O Bg7
9. e4 Nxe4 10. Nxe4 dxe4 11. Ng5 Nf6 12. Nxe4 Nd5 13. a4 Bf5 14. Nc3 Be6 15.
axb5 axb5 16. Rxa8 Qxa8 17. Re1 Nxc3 18. bxc3 O-O 19. Bg5 Qb7 20. Qd2 Re8 21. h4
Qd7 22. h5 gxh5 23. Bh6 Bf6 24. Bg5 Bg7 25. Bh4 Bd5 26. Bxd5 Qxd5 27. Bxe7 h6
28. Bd6 Re6 29. Rxe6 fxe6 30. Qe2 Qf5 31. Kg2 Kf7 32. f3 Bf6 33. Qe4 Qxe4 34.
fxe4 b4 35. cxb4 Bxd4 36. Bf4 Bc3 37. Bxh6 Bxb4 38. Be3 Kf6 39. Bd4+ Kg5 40. Kf3
Bd2 41. Be5 Bb4 42. Bd6 Ba3 43. Be7+ Kg6 44. Kf4 Bb2 45. Bd8 Bd4 46. Be7 Kf7 47.
Bd6 Kg6 48. Kf3 Kg5 49. Be7+ Kg6 50. Ke2 Bc3 51. Ke3 Be1 52. Kf4 Bc3 53. Bd6 Bd4
54. Kf3 Kg5 55. Be7+ Kg6 56. Ke2 Bg1 57. Bd6 Kg5 58. Kf3 Bd4 59. Be7+ Kg6 60.
Ke2 Bg1 61. Kf3 Bd4 62. Bd6 Kg5 63. Bf8 Kf6 64. Bd6 Kg5 65. Be7+ Kg6 66. Kf4 Kf7
67. Bd6 Kg6 68. g4 hxg4 69. Kxg4 Be3 70. Kf3 Bd4 71. Kf4 Kf7 72. Kg5 1/2-1/2

[Event "Amplico ch-EUR Rapid"]
[Site "Warsaw POL"]
[Date "2012.12.16"]
[Round "9.20"]
[White "Fargere, Francois"]
[Black "Socko, Bartosz"]
[Result "0-1"]
[WhiteTitle "GM"]
[BlackTitle "GM"]
[WhiteElo "2446"]
[BlackElo "2631"]
[WhiteFideId "615935"]
[BlackFideId "1107038"]
[EventDate "2012.12.15"]

1. e4 e6 2. d4 d5 3. Nd2 Nf6 4. e5 Nfd7 5. Bd3 c5 6. c3 b6 7. Ne2 Ba6 8. Bxa6
Nxa6 9. Nf4 Nc7 10. O-O c4 11. Qg4 b5 12. Nf3 a5 13. Re1 g6 14. h4 h6 15. h5 g5
16. Ne2 f5 17. Qg3 Nb6 18. a3 Qd7 19. Bd2 O-O-O 20. Reb1 Kb7 21. Ne1 Ka6 22. Nc2
Rh7 23. f4 g4 24. Kf2 Rb8 25. Qh2 Na4 26. Qh1 Qe8 27. Ra2 Rd7 28. g3 Qf7 29.
Raa1 Ne8 30. Qh2 Ng7 31. Ra2 Rdb7 32. Rh1 Kb6 33. Ke3 Kc7 34. Kf2 Kd8 35. Ke3
Ke8 36. Kf2 Be7 37. Ke3 Kf8 38. Kf2 Kg8 39. Ke3 Kh7 40. Kf2 Nb6 41. Qg1 Nc8 42.
Ra1 Na7 43. Rb1 Nc6 44. b4 cxb3 45. Rxb3 a4 46. Rb1 Na5 47. Ra1 Nb3 48. Rd1 Rc8
49. Be1 Qf8 50. Nb4 Rbc7 51. Kg2 Na5 52. Ra1 Bxb4 53. axb4 Nc4 54. Nc1 Nb2 55.
Ne2 Qf7 56. Bd2 Nc4 57. Be1 Ra7 58. Nc1 a3 59. Ra2 Nb2 60. Nb3 Rc4 61. Na5 Rxa5
62. bxa5 Ra4 63. Qe3 Nc4 64. Qd3 Rxa5 65. Qb1 Nxh5 66. Bd2 Ng7 67. Bc1 Qe7 68.
Kg1 h5 69. Rhh2 Kg6 70. Qb3 Ne8 71. Ra1 Nc7 72. Rha2 h4 73. Kh2 Qh7 74. Kg1 hxg3
75. Rg2 Qh4 76. Qb4 Ra8 77. Raa2 Rh8 78. Kf1 0-1

[Event "Amplico ch-EUR Rapid"]
[Site "Warsaw POL"]
[Date "2012.12.16"]
[Round "9.23"]
[White "Kempinski, Robert"]
[Black "Meskovs, Nikita"]
[Result "1-0"]
[WhiteTitle "GM"]
[BlackTitle "FM"]
[WhiteElo "2599"]
[BlackElo "2314"]
[WhiteFideId "1105663"]
[BlackFideId "11602740"]
[EventDate "2012.12.15"]

1. d4 Nf6 2. c4 c5 3. d5 b5 4. cxb5 a6 5. bxa6 g6 6. g3 Bxa6 7. Bg2 d6 8. Nc3
Bg7 9. Nf3 Nbd7 10. Rb1 O-O 11. O-O Qa5 12. Bd2 Rfb8 13. Qc2 Bb7 14. Rfd1 Qa7
15. e4 Ng4 16. h3 Nge5 17. Nxe5 Nxe5 18. b3 Ba6 19. Be3 Qc7 20. a4 Qa5 21. Na2
Bb5 22. Nc1 Ba6 23. Bd2 Qd8 24. Bc3 Qf8 25. f4 Nd7 26. Nd3 Bxc3 27. Qxc3 Qg7 28.
e5 Bxd3 29. Rxd3 Ra7 30. Re1 Rb4 31. Rde3 Nf8 32. Re4 Rb8 33. a5 g5 34. R1e3 Ng6
35. Kh2 h5 36. Qe1 h4 37. exd6 exd6 38. Re8+ Rxe8 39. Rxe8+ Kh7 40. fxg5 Qd4 41.
Be4 Qb2+ 42. Bg2 Qd4 43. gxh4 Qxh4 44. Qxh4+ Nxh4 45. Be4+ Kg7 46. Kg3 Ng6 47.
h4 Ne7 48. h5 f5 49. gxf6+ Kxf6 50. h6 Nf5+ 51. Kf4 Nxh6 52. Re6+ Kg7 53. Rg6+
Kf7 54. Rxh6 Rxa5 55. Rxd6 1-0

[Event "Amplico ch-EUR Rapid"]
[Site "Warsaw POL"]
[Date "2012.12.16"]
[Round "9.24"]
[White "Swiercz, Dariusz"]
[Black "Szczepkowska-Horowska, Karina"]
[Result "1-0"]
[WhiteTitle "GM"]
[BlackTitle "WGM"]
[WhiteElo "2627"]
[BlackElo "2378"]
[WhiteFideId "1126881"]
[BlackFideId "1122681"]
[EventDate "2012.12.15"]

1. e4 e5 2. Nf3 Nc6 3. Bb5 a6 4. Ba4 Nf6 5. O-O Be7 6. d3 b5 7. Bb3 O-O 8. a4
Rb8 9. axb5 axb5 10. h3 d5 11. exd5 Nxd5 12. Re1 Nd4 13. Nxd4 exd4 14. Bxd5 Qxd5
15. Rxe7 Bb7 16. f3 Rfe8 17. Rxe8+ Rxe8 18. Nd2 f5 19. Nf1 h6 20. Bf4 g5 21. Bg3
g4 22. hxg4 fxg4 23. Nh2 h5 24. Qd2 Re3 25. Re1 Qg5 26. fxg4 hxg4 27. Rxe3 dxe3
28. Qe2 1-0

[Event "Amplico ch-EUR Rapid"]
[Site "Warsaw POL"]
[Date "2012.12.16"]
[Round "9.25"]
[White "Nedilko, Vasily"]
[Black "Banusz, Tamas"]
[Result "0-1"]
[WhiteTitle "IM"]
[BlackTitle "GM"]
[WhiteElo "2396"]
[BlackElo "2580"]
[WhiteFideId "14101459"]
[BlackFideId "722413"]
[EventDate "2012.12.15"]

1. d4 d5 2. c4 c6 3. Nf3 Nf6 4. Nc3 dxc4 5. a4 Bf5 6. Nh4 e6 7. Nxf5 exf5 8. e3
Bb4 9. Bxc4 O-O 10. O-O Nbd7 11. Qc2 g6 12. f3 Qb6 13. Qf2 c5 14. Bd2 Rac8 15.
Ba2 f4 16. Rad1 Rfe8 17. exf4 cxd4 18. Nd5 Nxd5 19. Bxd5 Rc2 20. Rfe1 Rd8 21.
Qh4 Rxd2 22. Bxf7+ Kg7 23. Rxd2 Bxd2 24. Re7 Kh8 25. Re1 0-1

[Event "Amplico ch-EUR Rapid"]
[Site "Warsaw POL"]
[Date "2012.12.16"]
[Round "9.27"]
[White "Zhigalko, Andrey"]
[Black "Klabis, Rokas"]
[Result "1-0"]
[WhiteTitle "GM"]
[WhiteElo "2589"]
[BlackElo "2150"]
[WhiteFideId "13502247"]
[BlackFideId "12805246"]
[EventDate "2012.12.15"]

1. e4 c5 2. Nf3 Nc6 3. d4 cxd4 4. Nxd4 g6 5. c4 Bg7 6. Be3 Nf6 7. Nc3 Ng4 8.
Qxg4 Nxd4 9. Qd1 Ne6 10. Rc1 Qa5 11. Be2 d6 12. O-O O-O 13. a3 Bd7 14. Qd2 Rfe8
15. f4 Bc6 16. f5 Nc7 17. Bd4 Bxd4+ 18. Qxd4 Rad8 19. b4 Qxa3 20. b5 Bd7 21. Ra1
Qc5 22. Qxc5 dxc5 23. Rxa7 Bc8 24. Na4 Rd2 25. Bf3 gxf5 26. exf5 Bxf5 27. Rxb7
Ne6 28. Bc6 Nd4 29. Bxe8 Be4 30. Bxf7+ Kg7 31. Bd5 Rxg2+ 32. Kh1 Rf2+ 33. Bxe4
Rxf1+ 34. Kg2 1-0

[Event "Amplico ch-EUR Rapid"]
[Site "Warsaw POL"]
[Date "2012.12.16"]
[Round "9.29"]
[White "Shirazi, Kamran"]
[Black "Markowski, Tomasz"]
[Result "0-1"]
[WhiteTitle "IM"]
[BlackTitle "GM"]
[WhiteElo "2383"]
[BlackElo "2558"]
[WhiteFideId "2000733"]
[BlackFideId "1105680"]
[EventDate "2012.12.15"]

1. e4 c5 2. d4 cxd4 3. c3 d3 4. Bxd3 g6 5. Nf3 Bg7 6. Bc4 Nc6 7. Bf4 Nf6 8. e5
Nh5 9. Be3 O-O 10. g4 d5 11. Bxd5 Bxg4 12. Rg1 Nxe5 13. h3 Qxd5 14. Qxd5 Nxf3+
15. Ke2 Nxg1+ 16. Kf1 Rad8 17. Qxb7 Rd1+ 18. Kg2 Bf3+ 0-1

[Event "Amplico ch-EUR Rapid"]
[Site "Warsaw POL"]
[Date "2012.12.16"]
[Round "9.30"]
[White "Lavendelis, Egons"]
[Black "Papin, Vasily"]
[Result "0-1"]
[WhiteTitle "FM"]
[BlackTitle "GM"]
[WhiteElo "2340"]
[BlackElo "2561"]
[WhiteFideId "11601647"]
[BlackFideId "4143183"]
[EventDate "2012.12.15"]

1. e4 c5 2. Nf3 e6 3. c3 Nf6 4. e5 Nd5 5. d4 cxd4 6. cxd4 d6 7. Bc4 Nc6 8. exd6
Qxd6 9. O-O Be7 10. Nc3 Nxc3 11. bxc3 O-O 12. Qe2 b6 13. Bd3 Bb7 14. Qe4 g6 15.
Bf4 Qd8 16. Bh6 Re8 17. h4 Na5 18. Qg4 f5 19. Qg3 Bxf3 20. Qxf3 Bxh4 21. Bb5 Re7
22. Rad1 Qd5 23. Qe2 Rc8 24. Qd3 Nc4 25. Ba6 Rc6 26. Rb1 Na3 27. Rb3 Qa5 28. d5
exd5 29. Rxa3 Qxa3 30. Qxd5+ Ree6 31. Bc4 Qd6 32. Qb5 Rxc4 33. Qxc4 Bf6 34. Re1
Kf7 35. Bf4 Qc6 36. Qb3 a6 37. Rd1 Be7 38. a4 b5 39. axb5 axb5 40. Be3 Qc4 41.
Qxc4 bxc4 42. Rd7 Re4 43. Rc7 Ke6 44. Kf1 Kd6 45. Rb7 Bf6 46. Rb6+ Ke7 47. Bc5+
Kf7 48. Rb7+ Ke6 49. Bb4 h5 50. Rb6+ Kf7 51. Rb7+ Kg8 52. Rc7 g5 53. f3 Re6 54.
Rxc4 Kf7 55. Rc7+ Kg6 56. Rd7 Rc6 57. Rd3 f4 58. Kf2 g4 59. fxg4 hxg4 60. Ke2
Be5 61. Kd2 Kf5 62. Rd8 Ke4 63. Rg8 g3 64. Re8 Ra6 65. c4 Ra2+ 66. Ke1 Kf5 67.
Bd2 Ra1+ 68. Ke2 Rg1 69. Rf8+ Ke4 70. c5 Rxg2+ 71. Kd1 f3 72. c6 Rg1+ 73. Kc2 f2
74. Bc3 f1=Q 75. Rxf1 Rxf1 76. Bxe5 Kxe5 0-1

[Event "Amplico ch-EUR Rapid"]
[Site "Warsaw POL"]
[Date "2012.12.16"]
[Round "9.31"]
[White "Czerwonski, Aleksander"]
[Black "Maiorov, Nikita1"]
[Result "1/2-1/2"]
[WhiteTitle "IM"]
[BlackTitle "GM"]
[WhiteElo "2377"]
[BlackElo "2541"]
[WhiteFideId "1100459"]
[BlackFideId "13501720"]
[EventDate "2012.12.15"]

1. d4 Nf6 2. c4 e6 3. Nf3 b6 4. g3 Bb7 5. Bg2 Be7 6. Nc3 Ne4 7. Bd2 Bf6 8. Rc1
O-O 9. d5 Nxd2 10. Nxd2 d6 11. Nde4 e5 12. Nxf6+ Qxf6 13. O-O Nd7 14. f4 exf4
15. gxf4 Qh6 16. e4 f5 17. exf5 Rxf5 18. Qg4 Raf8 19. Ne4 Bc8 20. Ng5 Nf6 21.
Qe2 Nh5 22. Ne6 Nxf4 23. Nxf4 Rxf4 24. Rxf4 Qxf4 25. Rf1 Qd4+ 26. Kh1 Bg4 27.
Rxf8+ Kxf8 28. Bf3 Bf5 29. Kg2 Bd3 30. Qe6 Qxb2+ 31. Kh3 Bf1+ 32. Kg4 Qd4+ 33.
Be4 h5+ 34. Kxh5 Qe5+ 35. Qxe5 dxe5 36. Kg6 Bxc4 37. a3 Ke7 38. Kxg7 Be2 39. h4
a5 40. Kg6 b5 41. h5 Bxh5+ 42. Kxh5 Kd6 43. Kg4 Kc5 44. Kf5 Kd4 45. Bf3 b4 46.
axb4 axb4 47. Ke6 b3 48. Kf5 Ke3 49. Be4 Kd4 50. Bf3 b2 51. Be4 b1=Q 52. Bxb1
Kxd5 1/2-1/2

[Event "Amplico ch-EUR Rapid"]
[Site "Warsaw POL"]
[Date "2012.12.16"]
[Round "9.33"]
[White "Rogule, Laura"]
[Black "Stupak, Kirill"]
[Result "0-1"]
[WhiteTitle "WGM"]
[BlackTitle "GM"]
[WhiteElo "2306"]
[BlackElo "2526"]
[WhiteFideId "11601876"]
[BlackFideId "13503758"]
[EventDate "2012.12.15"]

1. c4 Nf6 2. Nc3 e6 3. e4 c5 4. Nf3 Nc6 5. Be2 e5 6. O-O d6 7. d3 h6 8. a3 g6 9.
Rb1 a5 10. Ne1 Bg7 11. Nc2 a4 12. f4 exf4 13. Bxf4 O-O 14. Qd2 Kh7 15. Rbe1 Be6
16. Bd1 Ne5 17. Ne3 Bd7 18. h3 Qa5 19. Rf2 Bc6 20. Bxe5 dxe5 21. Ref1 Qd8 22.
Ned5 Nxd5 23. exd5 Be8 24. Ne4 b6 25. Nf6+ Kh8 26. Bc2 Qe7 27. Qd1 b5 28. Nxe8
Qxe8 29. cxb5 f5 30. Bxa4 Qd7 31. Bb3 Qxb5 32. Bc4 Qd7 33. Re2 Qd6 34. Qd2 Rfb8
35. Qc1 Kh7 36. b3 Ra7 37. a4 h5 38. Qg5 Bh6 39. Qh4 Rf8 40. Rfe1 Bg7 41. Qg3
Bf6 42. Qf3 h4 43. Kh1 Re8 44. Qf2 Bg5 45. b4 Rc7 46. bxc5 Rxc5 47. Rb2 e4 48.
Rb7+ Kh6 49. Qd4 Bf6 50. Qf2 Rcc8 51. Rf7 Qe5 52. Bb5 e3 53. Qf3 Qc3 54. Rg1 e2
55. Bxe8 0-1

[Event "Amplico ch-EUR Rapid"]
[Site "Warsaw POL"]
[Date "2012.12.16"]
[Round "9.35"]
[White "Jurcik, Marian"]
[Black "Piesik, Piotr"]
[Result "0-1"]
[WhiteTitle "IM"]
[WhiteElo "2496"]
[BlackElo "2176"]
[WhiteFideId "14907518"]
[BlackFideId "1136194"]
[EventDate "2012.12.15"]

1. e4 e6 2. d4 d5 3. Nc3 dxe4 4. Nxe4 Bd7 5. Nf3 Bc6 6. Bd3 Nd7 7. O-O Ngf6 8.
Ng3 Be7 9. c4 Bxf3 10. Qxf3 c6 11. b3 O-O 12. Bb2 Qc7 13. Rad1 Rfe8 14. Nh5 Nf8
15. Rfe1 Rad8 16. Bb1 Nxh5 17. Qxh5 Bf6 18. Re3 c5 19. Bxh7+ Nxh7 20. Rh3 Kf8
21. Qxh7 Bxd4 22. Rxd4 Rxd4 23. Bxd4 cxd4 24. Qh8+ Ke7 25. Qh4+ f6 26. Rg3 g5
27. Qxd4 Rd8 28. Qg4 Qe5 29. h3 Qe1+ 30. Kh2 Qxf2 31. Qe4 Rd1 32. Qxb7+ Ke8 33.
Qb8+ Kf7 34. Qb7+ Kf8 35. Qb8+ Kg7 36. Rf3 Qg1+ 37. Kg3 Qe1+ 38. Kh2 Qg1+ 39.
Kg3 Qe1+ 40. Kh2 f5 41. Qxa7+ Kg6 42. Qf2 Qh1+ 43. Kg3 Rg1 44. Rd3 f4+ 45. Kf3
Rf1 46. Rd2 Rxf2+ 47. Kxf2 Qc1 48. Re2 Kf5 49. g4+ fxg3+ 50. Kxg3 Qc3+ 51. Kg2
e5 52. Rf2+ Ke6 53. Rf3 Qc2+ 54. Rf2 Qe4+ 55. Kg3 Qe3+ 56. Kg2 e4 57. Kf1 Qxh3+
58. Ke1 Qe3+ 59. Re2 Qc1+ 60. Kf2 Ke5 0-1

[Event "Amplico ch-EUR Rapid"]
[Site "Warsaw POL"]
[Date "2012.12.16"]
[Round "9.36"]
[White "Lach, Aleksandra"]
[Black "Warakomski, Tomasz"]
[Result "1/2-1/2"]
[WhiteTitle "WF"]
[BlackTitle "IM"]
[WhiteElo "2176"]
[BlackElo "2490"]
[WhiteFideId "1134299"]
[BlackFideId "1124552"]
[EventDate "2012.12.15"]

1. e4 g6 2. d4 Bg7 3. Nc3 c6 4. f4 d5 5. e5 Nh6 6. Bd3 Qb6 7. Nge2 f6 8. O-O O-O
9. Kh1 Kh8 10. a4 a5 11. Be3 Na6 12. Bg1 Nb4 13. Ng3 Nxd3 14. Qxd3 Nf5 15. Nce2
Be6 16. b3 Qc7 17. h3 Nxg3+ 18. Nxg3 fxe5 19. fxe5 c5 20. c3 c4 21. Qc2 Bh6 22.
Qb2 cxb3 23. Qxb3 Rxf1 24. Rxf1 Rc8 25. Ne2 Qc4 26. Qxc4 Rxc4 27. Rb1 Kg7 28.
Rxb7 Kf7 29. g4 Rxa4 30. Kg2 Bc8 31. Ra7 Bd2 32. Kf3 h5 33. gxh5 gxh5 34. Be3
Bxe3 35. Kxe3 Ra3 36. Rc7 Ba6 37. Ng3 Bc4 38. Nf5 Rxc3+ 39. Kf4 Rc1 40. Rxe7+
Kf8 41. Ra7 Bd3 42. Ne7 Rf1+ 43. Ke3 Be4 44. Nc8 Rf3+ 45. Ke2 Rxh3 46. e6 Bd3+
47. Kd2 Bg6 48. e7+ Kg8 49. Nd6 Rd3+ 50. Ke2 Rxd4 51. Ra8+ Kh7 52. e8=Q Bxe8 53.
Nxe8 a4 54. Ke3 Re4+ 55. Kd3 Kg6 56. Ra6+ Kg5 57. Nf6 Re5 58. Kd4 Re1 59. Nxd5
Ra1 60. Ra5 h4 61. Ne3+ Kf4 62. Ng2+ Kg4 63. Nxh4 Kxh4 64. Kc3 a3 65. Kb3 a2 66.
Rxa2 Rxa2 67. Kxa2 1/2-1/2

[Event "Amplico ch-EUR Rapid"]
[Site "Warsaw POL"]
[Date "2012.12.16"]
[Round "9.37"]
[White "Matviishen, Viktor"]
[Black "Kovalev, Vladislav"]
[Result "0-1"]
[BlackTitle "IM"]
[WhiteElo "1984"]
[BlackElo "2482"]
[WhiteFideId "14129850"]
[BlackFideId "13504398"]
[EventDate "2012.12.15"]

1. e4 e5 2. Nf3 Nc6 3. Bb5 a6 4. Ba4 Nf6 5. d3 b5 6. Bb3 Bc5 7. Nc3 d6 8. O-O
Bg4 9. Be3 Nd4 10. Bxd4 Bxd4 11. Rb1 Bxc3 12. bxc3 c5 13. Qe2 O-O 14. h3 Bxf3
15. Qxf3 Qa5 16. c4 b4 17. Rbc1 Qa3 18. c3 a5 19. cxb4 a4 20. Bc2 cxb4 21. Ra1
Nd7 22. Qd1 Nc5 23. d4 Ne6 24. dxe5 dxe5 25. Qd6 Nd4 26. Bd1 Rfd8 27. Qxe5 Qb2 0-1

[Event "Amplico ch-EUR Rapid"]
[Site "Warsaw POL"]
[Date "2012.12.16"]
[Round "9.38"]
[White "Kanarek, Marcel"]
[Black "Bes, Michal"]
[Result "1-0"]
[WhiteTitle "IM"]
[WhiteElo "2482"]
[BlackElo "1986"]
[WhiteFideId "1126822"]
[BlackFideId "1145169"]
[EventDate "2012.12.15"]

1. e4 e5 2. Nf3 Nf6 3. d3 d6 4. g3 g6 5. Bg2 Bg7 6. O-O O-O 7. Re1 Nc6 8. c3 Re8
9. Nbd2 h6 10. Qe2 Be6 11. Nf1 Qd7 12. Ne3 Bh3 13. Bh1 Rad8 14. b4 Ne7 15. Bb2
c6 16. Qc2 Ng4 17. d4 Nxe3 18. Rxe3 g5 19. Rd1 Qg4 20. c4 Ng6 21. d5 h5 22. Bc1
h4 23. Ra3 Bf6 24. Rxa7 Kg7 25. Rxb7 Rh8 26. dxc6 Qh5 27. c7 Rc8 28. Rxd6 hxg3
29. fxg3 Bg4 30. Qf2 Be7 31. Rd3 Be6 32. c5 Qg4 33. Bb2 Qxe4 34. Nxe5 Nf4 35.
gxf4 Qh7 36. fxg5 Bxg5 37. Nxf7+ Kg8 38. Nxg5 Qxd3 39. Nxe6 Qb1+ 40. Qf1 Qxb2
41. Qg2+ Qxg2+ 42. Bxg2 1-0

[Event "Amplico ch-EUR Rapid"]
[Site "Warsaw POL"]
[Date "2012.12.16"]
[Round "9.39"]
[White "Tomczak, Mikolaj"]
[Black "Demuth, Adrien"]
[Result "0-1"]
[BlackTitle "IM"]
[WhiteElo "1947"]
[BlackElo "2480"]
[WhiteFideId "1175114"]
[BlackFideId "642274"]
[EventDate "2012.12.15"]

1. d4 Nf6 2. Nf3 g6 3. g3 Bg7 4. Bg2 O-O 5. O-O d6 6. c4 c6 7. Nc3 Qa5 8. e4 Bg4
9. h3 Bxf3 10. Bxf3 Nfd7 11. Be3 a6 12. Bg2 c5 13. Ne2 Rc8 14. b3 Nc6 15. d5 Nd8
16. Bd2 Qc7 17. Bc3 Bxc3 18. Nxc3 b5 19. Ne2 Kg7 20. Qc2 bxc4 21. Qxc4 Qa5 22.
Rfc1 Rcb8 23. Qc3+ Qxc3 24. Nxc3 Rb4 25. Bf1 a5 26. Rab1 Rab8 27. f3 f6 28. Kf2
Nf7 29. f4 h6 30. Ke3 g5 31. Bc4 Nh8 32. a3 R4b7 33. a4 Ra8 34. Bb5 Nb8 35. Bc6
Nxc6 36. dxc6 Rbb8 37. c7 Rb7 38. Nb5 Ng6 39. e5 fxe5 40. f5 Nf8 41. Ke4 Rc8 42.
Kd5 Rcxc7 43. Nxc7 Rxc7 44. g4 Kf6 45. b4 axb4 46. Rxb4 Ra7 47. Rbc4 Ra6 48. Ra1
e6+ 49. fxe6 Nxe6 50. Ke4 Nf4 51. Kf3 Ra5 52. Rb1 d5 53. Rcc1 e4+ 54. Ke3 Ke5
55. Rb5 d4+ 56. Kd2 e3+ 57. Kd1 Rxa4 58. Rcxc5+ Ke4 59. Re5+ Kf3 60. Rb1 Ra2 61.
Rb3 d3 0-1

[Event "Amplico ch-EUR Rapid"]
[Site "Warsaw POL"]
[Date "2012.12.16"]
[Round "9.41"]
[White "Edouard, Romain"]
[Black "Adamski, Jan"]
[Result "1/2-1/2"]
[WhiteTitle "GM"]
[BlackTitle "IM"]
[WhiteElo "2686"]
[BlackElo "2310"]
[WhiteFideId "633429"]
[BlackFideId "1100190"]
[EventDate "2012.12.15"]

1. d4 Nf6 2. c4 e6 3. Nc3 Bb4 4. e3 b6 5. Bd3 Bb7 6. Nf3 c5 7. O-O O-O 8. Na4
cxd4 9. exd4 Be7 10. a3 d6 11. b4 Nbd7 12. Re1 a5 13. Bd2 axb4 14. axb4 b5 15.
cxb5 Nb6 16. Nxb6 Qxb6 17. Ra5 Nd5 18. Qa1 Bf6 19. Qb2 Nc7 20. Rc1 Bxf3 21. gxf3
Bxd4 22. Qc2 Nd5 23. Bxh7+ Kh8 24. Be4 Bxf2+ 25. Kg2 Bd4 26. Qc4 Be5 27. Bxd5
exd5 28. Qxd5 Rab8 29. f4 Bf6 30. Rc6 Qb7 31. Ra3 Qxb5 32. Qxb5 Rxb5 33. Rxd6
Be7 34. Rd4 Rfb8 35. Rb3 f5 36. Kf3 Kg8 37. Ke2 Kf7 38. Kd3 R5b7 39. Rd5 Bxb4
40. Rxf5+ Kg8 41. Be3 Bd6 42. Rc3 Rb3 43. Rxb3 Rxb3+ 44. Ke4 Be7 45. Kf3 Bf6 46.
Rd5 Rb2 47. Bd2 Rb3+ 48. Kg4 g6 49. Ba5 Rb7 50. Rc5 Kf7 51. Bc7 Rb2 52. h3 Rb4
53. Bd6 Rb7 54. Be5 Bxe5 55. fxe5 Rb1 56. Rc7+ Ke6 57. Rc6+ Kf7 58. Rf6+ Kg7 59.
Rf3 Re1 60. Kf4 Kf7 61. Ra3 Rf1+ 62. Ke4 Re1+ 63. Kd4 Rd1+ 64. Rd3 Ra1 65. Kd5
Ke7 66. Rb3 Ra5+ 67. Ke4 Ra4+ 68. Kf3 Ke6 69. Rb5 Kf5 70. Rc5 Ra3+ 71. Kg2 Re3
72. Ra5 1/2-1/2

[Event "Amplico ch-EUR Rapid"]
[Site "Warsaw POL"]
[Date "2012.12.16"]
[Round "9.42"]
[White "Erdos, Viktor"]
[Black "Sudakova, Irina"]
[Result "1-0"]
[WhiteTitle "GM"]
[BlackTitle "WGM"]
[WhiteElo "2640"]
[BlackElo "2340"]
[WhiteFideId "719978"]
[BlackFideId "4129903"]
[EventDate "2012.12.15"]

1. d4 d5 2. Nf3 c6 3. c4 e6 4. Qc2 dxc4 5. Qxc4 b5 6. Qc2 Bb7 7. Bg5 Qb6 8. Nc3
Nd7 9. e4 h6 10. Be3 Ngf6 11. e5 Nd5 12. Nxd5 cxd5 13. Bd3 b4 14. Qe2 a5 15. O-O
Ba6 16. Ne1 Be7 17. Rd1 Bxd3 18. Nxd3 g6 19. Rc1 Kf8 20. Rc2 Kg7 21. Rfc1 Qb5
22. Qd2 Nb6 23. b3 h5 24. Rc7 Bd8 25. Rb7 Re8 26. Bh6+ Kg8 27. Qf4 Be7 28. Rxe7 1-0

[Event "Amplico ch-EUR Rapid"]
[Site "Warsaw POL"]
[Date "2012.12.16"]
[Round "9.43"]
[White "Mista, Aleksander"]
[Black "Luukkonen, Tommi"]
[Result "1-0"]
[WhiteTitle "GM"]
[BlackTitle "FM"]
[WhiteElo "2562"]
[BlackElo "2303"]
[WhiteFideId "1110381"]
[BlackFideId "501808"]
[EventDate "2012.12.15"]

1. e4 c5 2. Nf3 d6 3. d4 cxd4 4. Nxd4 Nf6 5. Nc3 a6 6. Be2 e6 7. f4 Be7 8. Be3
O-O 9. O-O Qc7 10. g4 b5 11. g5 Nfd7 12. a3 Re8 13. Bd3 Bb7 14. Qh5 g6 15. Qh4
Nc6 16. Nde2 f5 17. exf5 gxf5 18. Nd4 Nxd4 19. Bxd4 Qc6 20. Qh3 Nf8 21. Rae1 e5
22. fxe5 dxe5 23. Rxe5 Rad8 24. Rexf5 Ng6 25. Rf7 1-0

[Event "Amplico ch-EUR Rapid"]
[Site "Warsaw POL"]
[Date "2012.12.16"]
[Round "9.46"]
[White "Duda, Jan-Krzysztof"]
[Black "Kukk, Sander"]
[Result "1-0"]
[WhiteTitle "IM"]
[WhiteElo "2468"]
[BlackElo "2184"]
[WhiteFideId "1170546"]
[BlackFideId "4502094"]
[EventDate "2012.12.15"]

1. d4 g6 2. e4 Bg7 3. Nc3 d6 4. Be3 Nf6 5. h3 O-O 6. Bd3 e5 7. d5 c6 8. Nge2
cxd5 9. exd5 Nbd7 10. Bc4 a6 11. a4 Nh5 12. g4 Nf4 13. Nxf4 exf4 14. Bxf4 Re8+
15. Be2 Ne5 16. O-O Bd7 17. Ra3 Rc8 18. Rb3 Nc4 19. Bxc4 Rxc4 20. Bg3 h5 21.
Rxb7 hxg4 22. h4 Bxc3 23. bxc3 Rxc3 24. Qd4 Rxc2 25. Bf4 Bf5 26. Bg5 Qc8 27. Bh6
Re5 28. Rfb1 Kh7 29. Rxf7+ Kg8 30. Rg7+ Kh8 31. Qa7 1-0

[Event "Amplico ch-EUR Rapid"]
[Site "Warsaw POL"]
[Date "2012.12.16"]
[Round "9.47"]
[White "Kujawski, Adam"]
[Black "Kuzmicz, Krystian"]
[Result "1-0"]
[BlackTitle "IM"]
[WhiteElo "2325"]
[BlackElo "2465"]
[WhiteFideId "1100920"]
[BlackFideId "1119125"]
[EventDate "2012.12.15"]

1. e4 c5 2. Nf3 g6 3. c4 Bg7 4. d4 Qa5+ 5. Nc3 d6 6. d5 Bxc3+ 7. bxc3 Nf6 8. e5
dxe5 9. Be2 e4 10. Nd2 Nbd7 11. O-O Ne5 12. Nb3 Qc7 13. f4 exf3 14. Bxf3 Nxc4
15. Bh6 Nd6 16. g4 Rg8 17. Bf4 Bd7 18. g5 Nh5 19. Bxh5 gxh5 20. Qxh5 O-O-O 21.
Rae1 Bb5 22. c4 Ba4 23. Re2 b6 24. Bxd6 Qxd6 25. Rxf7 Be8 26. Qh3+ Bd7 27. Qe3
h6 28. Qxe7 Rxg5+ 29. Rg2 Rxg2+ 30. Kxg2 Qg6+ 31. Kf2 Qh5 32. h4 Qg4 33. Rf8
Rxf8+ 34. Qxf8+ Kc7 35. Qxh6 Qxc4 36. Qg5 Qc2+ 37. Kg3 Qxa2 38. Nd2 Qa3+ 39. Kf4
Qd3 40. Qe5+ Kb7 41. Ne4 Qf1+ 42. Kg5 c4 43. h5 Qg2+ 44. Kf6 Qg8 45. Nd6+ Ka6
46. Qa1+ 1-0

[Event "Amplico ch-EUR Rapid"]
[Site "Warsaw POL"]
[Date "2012.12.16"]
[Round "9.48"]
[White "Bezuch, Martin"]
[Black "Klimov, Sergey"]
[Result "0-1"]
[BlackTitle "GM"]
[WhiteElo "2302"]
[BlackElo "2504"]
[WhiteFideId "14906333"]
[BlackFideId "4121759"]
[EventDate "2012.12.15"]

1. Nf3 c5 2. g3 Nc6 3. Bg2 g6 4. O-O Bg7 5. d3 d5 6. Nbd2 Nf6 7. e4 O-O 8. c3 e5
9. Re1 h6 10. Qb3 d4 11. Nc4 Ne8 12. cxd4 cxd4 13. Bd2 Rb8 14. Qb5 Nc7 15. Qc5
Re8 16. Na5 Na6 17. Qb5 Nxa5 18. Bxa5 b6 19. Bd2 Nc5 20. Bf1 Ba6 21. Qb4 Bxd3
22. Qa3 Bxe4 23. Nh4 Bd5 24. Bc1 0-1